Statistics for Χώρες που αρχίζουν από Ι

Click here to take the quiz!

General Stats

  • This quiz has been taken 9 times
  • The average score is 12 of 13

Answer Stats

Απάντηση % Correct
Ιρλανδία
100%
Ιαπωνία
100%
Ισλανδία
100%
Ισπανία
100%
Ιταλία
100%
Ινδία
88%
Ινδονησία
88%
Ιράκ
88%
Ιράν
88%
Ισημερινός
88%
Ισραήλ
88%
Ιορδανία
75%
Ισημερινή Γουινέα
75%

Score Distribution

Percentile by Number Answered

Percent of People with Each Score

Your Score History

You have not taken this quiz